000 00337nam a22001577a 4500
003 SGT
020 _a978-81-265-6483-5
082 _a618.1
_bB17L
100 _aLOPES,TITO
245 _aBONNEY'S GYNAECOLOGICAL SURGERY
250 _a11TH
260 _aNEW DELHI
_bWILEY
_c2017
300 _a272
650 _aAYURVEDA
942 _2ddc
_cBK
999 _c14918
_d14918